Concelhos do Porto - Statistics

Estatísticas Gerais
  • Esse quiz foi jogado 1 154 vezes
  • A pontuação média é 14 de 18
Respostas no mapa
Respostas codificadas por cores de uma escala verde-vermelha no mapa do quiz de acordo com a % correta abaixo.
 
Estatísticas das Respostas
Concelho % Correto
Porto
96%
Matosinhos
93%
Vila Nova de Gaia
93%
Maia
88%
Vila do Conde
85%
Póvoa de Varzim
80%
Gondomar
78%
Penafiel
76%
Amarante
72%
Trofa
72%
Valongo
72%
Paredes
70%
Santo Tirso
69%
Baião
66%
Marco de Canaveses
66%
Paços de Ferreira
66%
Felgueiras
63%
Lousada
58%
Nenhum quiz correspondente encontrado
Distribuição das Pontuações
Porcentagem de Pessoas com Cada Pontuação
Percentil de Números Respondidos
Sua Pontuação Histórica
Você não jogou esse quiz